| 000 | 004770000a22001810004500 | ||
|---|---|---|---|
| 003 | MACL | ||
| 005 | 20151229165924.0 | ||
| 008 | 151229b xxu||||| |||| 00| 0 eng d | ||
| 040 |
_aMACL _cMACL |
||
| 041 | _aEnglish | ||
| 082 | _a244.5514/ | ||
| 100 |
_aSrivastava, Balram _915168 |
||
| 245 |
_aIconography of Sakti _bA Study Based on Sritattvanidhi |
||
| 260 |
_bChaukhambha Orientalia _c1978 |
||
| 350 | _a80 | ||
| 650 |
_aReligion _924336 |
||
| 942 |
_cBK _k244.5514/SRI _2ddc |
||
| 999 |
_c38293 _d38293 |
||